00339nam a2200109Ia 4500008004100000020001500041100002700056245006900083250001200152260004800164300001700212180305s9999 xx 000 0 und d a1582550034 aGingrich, Margarete M. cMargaret M. Gingrich, Janet H. RhoreraMedical-Surgical Nursing/ a2nd ed. aSan Juan, Metro ManilabC&E Pub. Inc.c1999 av, 336 Pages